[Event "Bydgoszcz (Women)"]
[Site "Bydgoszcz"]
[Date "1979.??.??"]
[Round "9"]
[White "Ghinda, Eugenia"]
[Black "Teodorescu, Margareta"]
[Result "0-1"]
[WhiteElo "2035"]
[BlackElo "2110"]
[PlyCount "83"]
[EventDate "1979.??.??"]
[EventType "tourn"]
[EventRounds "15"]
[EventCountry "POL"]
[SourceTitle "EXT 2009"]
[Source "ChessBase"]
[SourceDate "2008.11.26"]
[SourceVersion "1"]
[SourceVersionDate "2008.11.26"]
[SourceQuality "1"]

1. e4 c5 2. Nf3 a6 3. Nc3 Nc6 4. d4 cxd4 5. Nxd4 d6 6. Bc4 e6 7. Be3 Qc7 8. Qe2 Nf6 9. 0-0-0 Bd7 10. f4 b5 11. Bb3 b4 12. Nd5 exd5 13. Nxc6 Bxc6 14. exd5 Bb5 15. Ba4 Qd7 16. Bxb5 Qxb5 17. Rd3 Be7 18. Bd4 Kd8 19. Re1 Re8 20. Qf2 Nxd5 21. Qf3 Rc8 22. Qxd5 Qxd5 23. Bb6+ Kd7 24. Rxd5 Kc6 25. Rd4 Kxb6 26. Rde4 Rc7 27. Rxb4+ Kc6 28. Ra4 Ra7 29. Rae4 Kd7 30. c4 Raa8 31. Rd1 Bf6 32. Rxe8 Rxe8 33. c5 Re6 34. f5 Bg5+ 35. Kb1 Rf6 36. g3 Kc6 37. b4 dxc5 38. h4 Be3 39. Rd3 Bd4 40. g4 Rd6 41. Ra3 cxb4 42. Rxa6+ 0-1